Top 5 Songs On Chocolate Starfish And The Hot Dog... (Limp Bizkit) - Statistics

General Stats
  • This quiz has been taken 74 times
  • The average score is 4 of 5
Answer Stats
Hint Answer % Correct
390,870,955 Rollin' (Air Raid Vehicle)
98%
74,335,065 Hot Dog
86%
250,127,599 My Way
84%
123,257,107 My Generation
83%
296,215,044 Take A Look Around
67%
No matching quizzes found
Score Distribution
Percent of People with Each Score
Percentile by Number Answered
Your Score History
You have not taken this quiz